Act east through India’s northeast: Limits of neoliberal strategies towards developing an underdeveloped region (Record no. 521549)

000 -LEADER
fixed length control field 01547nam a22001577a 4500
008 - FIXED-LENGTH DATA ELEMENTS--GENERAL INFORMATION
fixed length control field 230213b ||||| |||| 00| 0 eng d
100 ## - MAIN ENTRY--PERSONAL NAME
Personal name Patgiri, Rubul and Gogoi, Dilip
245 ## - TITLE STATEMENT
Title Act east through India’s northeast: Limits of neoliberal strategies towards developing an underdeveloped region
260 ## - PUBLICATION, DISTRIBUTION, ETC. (IMPRINT)
Place of publication, distribution, etc South Asian Survey
300 ## - PHYSICAL DESCRIPTION
Extent 29(1), Mar, 2022: p.23-41
520 ## - SUMMARY, ETC.
Summary, etc One of the major objectives of the Look East, now rechristened as Act East Policy, of India is to develop the geographically and economically isolated region of Northeast India by economically integrating it with the neighbouring regions of South East Asia through neoliberal economic intervention. In view of this, the present article tries to analyse the rationale of such neoliberal-centric development model for the Northeast India as envisaged under the Look (Act) East Policy, existing gaps in the present policy framework and its impact. It argues that so far, such a strategy has brought very little dividend for the Northeast and may be at odds with some of the existing political, economic and social realities of the region. The article finally concludes by arguing that resources and interests of the region must be protected while trying to expose the region to global market economy for greater economic prosperity.- Reproduced
650 ## - SUBJECT ADDED ENTRY--TOPICAL TERM
Topical term or geographic name as entry element Cross-border trade, Look (Act) East Policy, Neoliberalism, Northeast India, Regional development.
9 (RLIN) 35418
773 ## - HOST ITEM ENTRY
Main entry heading South Asian Survey
906 ## - LOCAL DATA ELEMENT F, LDF (RLIN)
Subject DIP INTERNATIONAL TRADE
942 ## - ADDED ENTRY ELEMENTS (KOHA)
Item type Articles
Holdings
Withdrawn status Lost status Source of classification or shelving scheme Damaged status Not for loan Permanent location Current location Date acquired Serial Enumeration / chronology Barcode Date last seen Koha item type
          Indian Institute of Public Administration Indian Institute of Public Administration 2023-02-13 29(1), Mar, 2022: p.23-41 AR127968 2023-02-13 Articles

Powered by Koha